Sports Quiz

Random Sports or NHL Quiz

NHL Best Records Quiz Stats

 Plays Quiz not verified by Sporcle

Challenge
Share
Tweet
Embed
Score 0/94 Timer 15:00
0 Plays Today
Year Team % Correct
1917-18*Montreal Canadiens & Toronto Arenas
85.7%
1970-71Boston Bruins
85.7%
1971-72*Boston Bruins
85.7%
1972-73*Montreal Canadiens
85.7%
1975-76*Montreal Canadiens
85.7%
1976-77*Montreal Canadiens
85.7%
1977-78*Montreal Canadiens
85.7%
1980-81*New York Islanders
85.7%
1981-82*New York Islanders
85.7%
1983-84*Edmonton Oilers
85.7%
1993-94*New York Rangers
85.7%
1967-68*Montreal Canadiens
81%
1968-69*Montreal Canadiens
81%
1973-74Boston Bruins
81%
1974-75*Philadelphia Flyers
81%
1978-79New York Islanders
81%
1986-87*Edmonton Oilers
81%
1988-89*Calgary Flames
81%
1996-97Colorado Avalanche
81%
1998-99*Dallas Stars
81%
2000-01*Colorado Avalanche
81%
2006-07Buffalo Sabres
81%
2008-09San Jose Sharks
81%
2009-10Washington Capitals
81%
2010-11Vancouver Canucks
81%
2011-12Vancouver Canucks
81%
1943-44*Montreal Canadiens
76.2%
1944-45Montreal Canadiens
76.2%
1945-46*Montreal Canadiens
76.2%
1946-47Montreal Canadiens
76.2%
1955-56*Montreal Canadiens
76.2%
1957-58*Montreal Canadiens
76.2%
Year Team % Correct
1958-59*Montreal Canadiens
76.2%
1959-60*Montreal Canadiens
76.2%
1960-61Montreal Canadiens
76.2%
1961-62Montreal Canadiens
76.2%
1963-64Montreal Canadiens
76.2%
1965-66*Montreal Canadiens
76.2%
1987-88Calgary Flames
76.2%
1992-93Pittsburgh Penguins
76.2%
1995-96Detroit Red Wings
76.2%
1997-98Dallas Stars
76.2%
1999-00St. Louis Blues
76.2%
2001-02*Detroit Red Wings
76.2%
2007-08*Detroit Red Wings
76.2%
1918-19Ottawa Senators
71.4%
1927-28Montreal Canadiens
71.4%
1928-29Montreal Canadiens
71.4%
1931-32Montreal Canadiens
71.4%
1979-80Philadelphia Flyers
71.4%
1982-83Boston Bruins
71.4%
1984-85Philadelphia Flyers
71.4%
1985-86Edmonton Oilers
71.4%
1991-92New York Rangers
71.4%
1994-95Detroit Red Wings
71.4%
2002-03Ottawa Senators
71.4%
2003-04Detroit Red Wings
71.4%
2005-06Detroit Red Wings
71.4%
1919-20*Ottawa Senators
66.7%
1921-22Ottawa Senators
66.7%
1922-23*Ottawa Senators
66.7%
1923-24Ottawa Senators
66.7%
1925-26Ottawa Senators
66.7%
1926-27*Ottawa Senators
66.7%
Year Team % Correct
1929-30Boston Bruins
66.7%
1930-31Boston Bruins
66.7%
1932-33Boston Bruins & Detroit Red Wings
66.7%
1937-38Boston Bruins
66.7%
1938-39*Boston Bruins
66.7%
1939-40Boston Bruins
66.7%
1940-41*Boston Bruins
66.7%
1941-42New York Rangers
66.7%
1989-90Boston Bruins
66.7%
1990-91Chicago Blackhawks
66.7%
1942-43*Detroit Red Wings
61.9%
1947-48*Toronto Maple Leafs
61.9%
1948-49Detroit Red Wings
61.9%
1949-50*Detroit Red Wings
61.9%
1950-51Detroit Red Wings
61.9%
1951-52*Detroit Red Wings
61.9%
1952-53Detroit Red Wings
61.9%
1953-54*Detroit Red Wings
61.9%
1954-55*Detroit Red Wings
61.9%
1956-57Detroit Red Wings
61.9%
1962-63*Toronto Maple Leafs
61.9%
1966-67Chicago Black Hawks
61.9%
1969-70Chicago Black Hawks
61.9%
1920-21Toronto St. Patricks
57.1%
1933-34Toronto Maple Leafs
57.1%
1934-35Toronto Maple Leafs
57.1%
1935-36*Detroit Red Wings
57.1%
1936-37*Detroit Red Wings
57.1%
1964-65Detroit Red Wings
57.1%
1924-25Hamilton Tigers
52.4%

You're not logged in!

Compare scores with friends on all Sporcle quizzes.
OR
Log In

You Might Also Like...

Show Comments

Extras

Created Jan 19, 2013ReportNominate
Tags:NHL Quiz, record, season, team

Top Quizzes Today


Score Distribution

Your Account Isn't Verified!

In order to create a playlist on Sporcle, you need to verify the email address you used during registration. Go to your Sporcle Settings to finish the process.

Report this User

Report this user for behavior that violates our Community Guidelines.

Details: